01305nam a2200265 a 4500001001000000005001700010008004100027041000800068044000700076084002600083100004500109245009500154260005400249300001700303500014800320500009900468500018500567500004000752500001000792650005200802650005600854650003400910650004500944740005000989BRCA_236620190320203757.0061108s1934----sp-#---###---#000-0#spa-u aspa asp a007b.B55c1934 F16051 aCervantes Saavedra, Miguel ded1547-161610aEl Ingenioso Hidalgo Don Quixote de la Manchaccompuesto por Miguel de Cervantes Saavedra. aSan Sebastán (España)bBiblioteca nuevac1934 a1 v.c21 cm. aContenido : Tasa. Testimonio de erratas. Privilegio. Dedicatoria del autor al Duque de Béjar. Prólogo del autor. Versos preliminares. Texto aFacsímil de : El ingenioso hidalgo Don Quixote de la Mancha. Madrid: Juan de la Cuesta, 1605 aFacsímil de la primera parte de la edición príncipe. Hermoso ejemplar, encuadernado en fina piel negra y profusamente adornado con florones y filetes dorados Lúdovik Osterc aExistencias : Complementa al LO-030 aQM37414aNovela españolayÉpoca clásica, 1500-170014aLiteratura españolayÉpoca clásica, 1500-170014aNovela españolaySiglo XVII14aDon Quijote (Personaje ficticio)eNovela0 aEl Ingenioso Hidalgo Don Quijote de la Mancha